00713nam a2200181Ia 4500008004100000020001800041050002300059100004300082245006600125250001800191260003400209300002100243336001000264337001400274338001200288505021100300650002000511120625s2011 mx A 000 0 spa d a9786071707789 aHD7841 bC277 2011 aCavazos Flores, Baltazareautordautor13aEl Derecho del Trabajo mexicano c / Baltazar Cavazos Flores  a2a. edición aMéxico b : Trillasc, 2011 a190 páginasc  atexto asin medio avolumen aPerspectivas laborales, económicas y políticas para fines del milenio ¿Cuál es en realidad la verdadera finalidad del Derecho Laboral? Faltas injustificadas al trabajo y su verdadera interpretación10aDERECHO LABORAL